000
00197nam a2200097Ia 4500
008
240625s9999 xx 000 0 und d
041
_a
eng
100
_a
DIGIT
245
_a
DIGIT DVD
260
_c
2007
999
_c
33585
_d
33585